000 00203 a2200097 4500
001 24220
100 _aFraser, R.R
245 _aGeneral metal
260 _a
_bPrentice Hall
_c1962
090 _c16410
_d16410
942 _aNUST-CAE
_cM
_c7126
999 _c259293
_d259293